000
00329nam a2200133Ia 4500
005
20251222143157.0
008
251222s9999||||xx |||||||||||||| ||spa||
020
_a
987-9393-06-6
082
_a
741.6/B52
100
_a
Bierut, Micahel
245
0
_a
Fundamentos del Diseño Gráfico
264
_b
Ediciones Infinito
942
_c
LIB
999
_c
12927
_d
12927